Tous les numéros 10 de l'Equipe de France de Football - Statistiques

Statistiques générales
  • Ce quiz a été pris 173 fois
    70 depuis la dernière actualisation
  • Le résultat moyen est 10 sur 112
Statistiques - réponses
Réponses Occurence % Correct
Zinédine Zidane 104
98%
Kylian Mbappé 85
94%
Michel Platini 64
88%
Karim Benzema 68
73%
Just Fontaine 5
44%
Raymond Kopa 2
42%
Youri Djorkaeff 5
41%
Claude Papi 1
32%
Dimitri Payet 4
32%
André-Pierre Gignac 15
29%
Alain Giresse 3
27%
Nicolas Anelka 1
27%
David Ginola 3
21%
Jean-Pierre Papin 1
21%
Mathieu Valbuena 2
21%
Robert Pirès 2
21%
Anthony Martial 2
20%
Sidney Govou 13
20%
Alexandre Lacazette 4
18%
Sylvain Wiltord 3
18%
Djibril Cissé 1
17%
Kévin Gameiro 2
15%
Luis Fernandez 5
15%
Ludovic Giuly 3
14%
Wissam Ben Yedder 4
14%
Bernard Lacombe 2
12%
Johann Micoud 1
12%
Laurent Blanc 4
12%
Julien Faubert 1
11%
Louis Saha 1
11%
Christian Karembeu 1
9%
Eric Carrière 4
9%
Henri Michel 3
9%
Roger Piantoni 27
9%
Bixente Lizarazu 1
6%
Corentin Martins 6
6%
Fleury Di Nallo 7
6%
Jean-Marc Ferreri 11
6%
Jean-Michel Larqué 6
6%
Bernard Genghini 8
5%
José Touré 1
5%
Patrice Loko 2
5%
Camel Meriem 2
3%
Christian Perez 2
3%
Jean-Philippe Durand 1
3%
Philippe Vercruysse 4
3%
Serge Chiesa 4
3%
Daniel Moreira 1
2%
Geoffrey Kondogbia 1
2%
Georges Bereta 2
2%
Gérard Soler 1
2%
Hervé Revelli 3
2%
Jacques Foix 1
2%
Jean-Marc Guillou 8
2%
Larbi Ben Barek 1
2%
Marc Berdoll 1
2%
Nestor Combin 1
2%
Pascal Vahirua 4
2%
Patrick Parizon 1
2%
Raymond Kéruzoré 1
2%
Reynald Pedros 4
2%
Robert Herbin 4
2%
Robert Jonquet 6
2%
Yvon Goujon 2
2%
Abderrahman Mahjoub 1
0%
Albert Batteux 3
0%
André Doye 3
0%
André Strappe 5
0%
Célestin Oliver 1
0%
Charly Loubet 9
0%
Christophe Cocard 2
0%
Christopher Nkunku 4
0%
Dominique Bijotat 2
0%
Edouard Kargu 2
0%
Edouard Stako 2
0%
Emile Bongiorni 2
0%
Ernest Vaast 1
0%
Francis Méano 1
0%
Francis Piasecki 3
0%
François Heutte 3
0%
Georges Lech 14
0%
Gerald Passi 10
0%
Gilles Rampillon 2
0%
Hector De Bourgoing 2
0%
Jacques Simon 3
0%
Jean Baratte 3
0%
Jean Grumellon 1
0%
Jean-Noël Huck 1
0%
Jean Prouff 1
0%
Joseph Bonnel 1
0%
Ladislas Smid 1
0%
Léon Deladerrière 1
0%
Marcel Loncle 2
0%
Maxime Fulgenzy 1
0%
Michel Leblond 4
0%
Michel Stievenard 2
0%
Mustapha Ben M'Barek 1
0%
Paul Sinibaldi 1
0%
Philippe Gondet 4
0%
Pierre Flamion 8
0%
René Bliard 1
0%
Robert Szczepaniak 4
0%
Roger Boury 1
0%
Roger Jouve 1
0%
Roger Vandooren 1
0%
Roland Guillas 2
0%
Serge Masnaghetti 2
0%
Stanislas Dombeck 1
0%
Thadée Cisowski 4
0%
Théo Szkudlapski 1
0%
Xavier Gravelaine 2
0%
Yvon Douis 6
0%
Aucun quiz correspondant
Distribution des résultats
% des personnes avec chaque résultat
Percentile par nombre de réponses
Votre historique - résultats
Vous n’avez pas pris ce quiz depuis la dernière actualisation